LEADER 01132nam0 2200301 450 001 000029091 005 20120903175641.0 010 $a88-85370-75-6 100 $a20120903d1997----km-y0itay50------ba 101 0 $aita 102 $aIT 105 $ay-------001yy 200 1 $aAppunti dalle lezioni di diritto internazionale privato$eil diritto internazionale privato italiano$e(L. 31-5-95, n. 218)$fUgo Iaccarino 210 $aNapoli$cEditoriale scientifica$d1997 215 $a418 p.$d24 cm 225 2 $aManuali, testi, documenti per l'università 300 $aIn appendice: La L. 31-5-95, n. 218 e le disposizioni richiamate 410 0$12001$aManuali, testi, documenti per l'università 500 10$aAppunti dalle lezioni di diritto internazionale privato$941378 610 1 $aDiritto internazionale privato 676 $a340.9$v22 676 $a341.5$v22 700 1$aIaccarino,$bUgo Maria$0407532 801 0$aIT$bUNIPARTHENOPE$c20120903$gRICA$2UNIMARC 912 $a000029091 951 $a340-A/1$b43812$cNAVA1$d2012 996 $aAppunti dalle lezioni di diritto internazionale privato$941378 997 $aUNIPARTHENOPE LEADER 02291nam0 22005053i 450 001 VAN0263373 005 20231128040636.446 017 70$2N$a9783642455896 100 $a20230918d1984 |0itac50 ba 101 $aeng 102 $aDE 105 $a|||| ||||| 200 1 $aModelling of Patterns in Space and Time$eProceedings of a Workshop held by the Sonderforschungsbereich 123 at Heidelberg July 4?8, 1983$fedited by W. Jäger and J. D. Murray 210 $aBerlin$cSpringer$d1984 215 $aviii, 410 p.$d24 cm 410 1$1001VAN0256120$12001 $aLecture Notes in Biomathematics$1210 $aBerlin$cSpringer$v55 606 $a35-XX$xPartial differential equations [MSC 2020]$3VANC019763$2MF 606 $a60-XX$xProbability theory and stochastic processes [MSC 2020]$3VANC020428$2MF 606 $a34Cxx$xQualitative theory for ordinary differential equation [MSC 2020]$3VANC020690$2MF 606 $a92-XX$xBiology and other natural sciences [MSC 2020]$3VANC020839$2MF 606 $a34Dxx$xStability theory for ordinary differential equation [MSC 2020]$3VANC022333$2MF 606 $a76Exx$xHydrodynamic stability [MSC 2020]$3VANC023441$2MF 606 $a76Zxx$xBiological fluid mechanics [MSC 2020]$3VANC035187$2MF 610 $aBacteria$9KW:K 610 $aCell culture$9KW:K 610 $aCells$9KW:K 610 $aGenome$9KW:K 610 $aLinear optimization$9KW:K 610 $aModeling$9KW:K 610 $aMorphogenesis$9KW:K 610 $aPopulation$9KW:K 610 $aTime$9KW:K 610 $aspace$9KW:K 620 $dBerlin$3VANL000066 702 1$aJager$bWilli$3VANV041896 702 1$aMurray$bJames Dickson$3VANV039076 712 $aSpringer $3VANV108073$4650 801 $aIT$bSOL$c20240614$gRICA 856 4 $uhttps://doi.org/10.1007/978-3-642-45589-6$zE-book ? Accesso al full-text attraverso riconoscimento IP di Ateneo, proxy e/o Shibboleth 899 $aBIBLIOTECA DEL DIPARTIMENTO DI MATEMATICA E FISICA$1IT-CE0120$2VAN08 912 $fN 912 $aVAN0263373 950 $aBIBLIOTECA DEL DIPARTIMENTO DI MATEMATICA E FISICA$d08CONS e-book 6633 $e08eMF6633 20230927 996 $aModelling of patterns in space and time$9343751 997 $aUNICAMPANIA